000 00424 a2200145 4500
999 _c3627
_d3627
020 _a9781868149636
050 _aHD5856.S6 BOL 2016
100 _aBolt, Maxim
245 _aZimbabwe's migrants and south africa's
_bthe roots of impermanence /
_cMaxim Bolt
264 _aJohannesburg
_bWits University Press
_c2016
300 _axvii,235p.
500 _ainclude index
650 _aMigrants
942 _2lcc
_cBK
_h5856.S6
_iBOL
_kHD